[Event "31st Bulgarian Open Chmpionshi"]
[Site "Plovdiv, Bulgaria"]
[Date "2009.02.02"]
[Round "2.16"]
[White "Kojovic, Dragan"]
[Black "Manelidou, Maria"]
[Result "1-0"]
[WhiteElo "2403"]
[BlackElo "2035"]
[PlyCount "62"]
[EventDate "2009.02.01"]

1. b3 Nf6 2. Bb2 e6 3. e3 c5 4. f4 Nc6 5. Nf3 b6 6. Bb5 Bb7 7. O-O Be7 8. Ne5
Qc7 9. Bxc6 Bxc6 10. Nxc6 Qxc6 11. d3 Rg8 12. e4 d5 13. Nd2 dxe4 14. dxe4 O-O-O
15. Qe2 Ne8 16. a4 g5 17. fxg5 Bxg5 18. Qa6+ Kb8 19. Be5+ Nc7 20. Rxf7 Rxd2 21.
Rxc7 Be3+ 22. Kh1 Qxc7 23. Bxc7+ Kxc7 24. Qxa7+ Kc6 25. g3 Rf8 26. Qe7 Rff2 27.
Qxe6+ Kb7 28. Qe7+ Kc6 29. Qxh7 Rxc2 30. Re1 Bd4 31. e5 Rg2 1-0

[Event "31st Bulgarian Open Chmpionshi"]
[Site "Plovdiv, Bulgaria"]
[Date "2009.02.02"]
[Round "2.17"]
[White "Andreev, Krasimir"]
[Black "Popovic, Milos T"]
[Result "0-1"]
[WhiteElo "2046"]
[BlackElo "2400"]
[PlyCount "70"]
[EventDate "2009.02.01"]

1. e4 c5 2. Nf3 Nc6 3. d4 cxd4 4. Nxd4 g6 5. Nxc6 bxc6 6. Qd4 Nf6 7. e5 Nd5 8.
c4 Nc7 9. e6 f6 10. exd7+ Bxd7 11. Be2 e5 12. Qc3 Ne6 13. Be3 Bg7 14. O-O O-O
15. Rd1 Qe7 16. Qa3 Qf7 17. Nc3 f5 18. f3 Nd4 19. Bxd4 exd4 20. Na4 Rfe8 21.
Bf1 Bf8 22. b4 Re3 23. Rd3 Rxd3 24. Qxd3 Rb8 25. a3 Re8 26. c5 Be6 27. Nb2 Bd5
28. Qxd4 Bg7 29. Qd2 Qf6 30. Rb1 Qh4 31. f4 Re4 32. g3 Qh5 33. Bg2 Bd4+ 34. Kf1
Qxh2 35. Rd1 Qg1# 0-1

[Event "31st Bulgarian Open Chmpionshi"]
[Site "Plovdiv, Bulgaria"]
[Date "2009.02.02"]
[Round "2.18"]
[White "Nikolov, Sasho"]
[Black "Kozarev, Petar"]
[Result "1-0"]
[WhiteElo "2398"]
[BlackElo "2024"]
[PlyCount "79"]
[EventDate "2009.02.01"]

1. e4 e5 2. Nf3 Nc6 3. Bb5 a6 4. Ba4 Nf6 5. O-O Be7 6. Re1 b5 7. Bb3 d6 8. c3
O-O 9. h3 Bb7 10. d4 Re8 11. Nbd2 Bf8 12. Bc2 g6 13. a4 Bh6 14. d5 Ne7 15. b3
c6 16. c4 Rf8 17. Bd3 b4 18. dxc6 Nxc6 19. Bb2 Nd7 20. Nf1 Nc5 21. Ne3 Ne7 22.
Bc2 Bxe3 23. Rxe3 f5 24. Nd2 fxe4 25. Nxe4 Nf5 26. Re1 Ne6 27. Bd3 Qb6 28. c5
Nxc5 29. Bc4+ Kh8 30. Nxd6 Nd7 31. Nxb7 Nh4 32. Re2 Qxb7 33. Bd5 Qa7 34. Bxa8
Qxa8 35. f3 Qa7+ 36. Kh1 Nf5 37. Qe1 Nd4 38. Rxe5 Nf6 39. Qxb4 Rd8 40. Rd1 1-0

[Event "31st Bulgarian Open Chmpionshi"]
[Site "Plovdiv, Bulgaria"]
[Date "2009.02.02"]
[Round "2.19"]
[White "Tsolov, Emil"]
[Black "Dimitrov, Pavel"]
[Result "0-1"]
[WhiteElo "2026"]
[BlackElo "2395"]
[PlyCount "114"]
[EventDate "2009.02.01"]

1. c4 Nf6 2. Nc3 e6 3. e3 Bb4 4. a3 Bxc3 5. dxc3 Nc6 6. Nf3 d6 7. Qc2 a5 8. a4
e5 9. e4 h6 10. b3 b6 11. Be2 Nb8 12. h3 Bb7 13. Bd3 Na6 14. Be3 Nc5 15. Nd2
Qe7 16. g3 O-O 17. O-O-O Nxd3+ 18. Qxd3 Nxe4 19. Nxe4 f5 20. f3 fxe4 21. fxe4
Rf3 22. Rdf1 Raf8 23. Rxf3 Rxf3 24. g4 d5 25. Kb2 dxc4 26. Qxc4+ Qf7 27. Qxf7+
Kxf7 28. Bd2 Rf2 29. Kc1 Bxe4 30. Re1 Bg2 31. Rxe5 Bxh3 32. Re4 Rf1+ 33. Kb2
Rg1 34. g5 hxg5 35. Re5 Rg2 36. Kc1 Kf6 37. Re1 Bf5 38. b4 g4 39. c4 axb4 40.
Bxb4 Rc2+ 41. Kd1 Rxc4 42. Be7+ Kf7 43. Bh4 Be4 44. Kd2 Rxa4 45. Ke3 Bf3 46.
Rc1 c5 47. Rb1 Rb4 48. Rxb4 cxb4 49. Be1 b3 50. Bc3 b5 51. Kf4 g5+ 52. Ke3 Ba8
53. Kf2 Ke6 54. Kg3 Kf5 55. Bb2 b4 56. Ba1 Bd5 57. Bb2 Be6 0-1

[Event "31st Bulgarian Open Chmpionshi"]
[Site "Plovdiv, Bulgaria"]
[Date "2009.02.02"]
[Round "2.20"]
[White "Mitkov, Marjan"]
[Black "Sofranov, Velizar"]
[Result "1-0"]
[WhiteElo "2387"]
[BlackElo "2009"]
[PlyCount "72"]
[EventDate "2009.02.01"]

1. d4 d5 2. c4 e6 3. Nc3 c6 4. e3 Nf6 5. Nf3 Nbd7 6. Qc2 Be7 7. Bd3 O-O 8. O-O
Qc7 9. Bd2 b6 10. cxd5 exd5 11. Rfc1 Bb7 12. b4 Qb8 13. Rab1 a6 14. a4 Rc8 15.
a5 b5 16. Bf5 g6 17. Bh3 Rd8 18. e4 dxe4 19. Nxe4 c5 20. Nxc5 Nxc5 21. dxc5 Be4
22. Qb2 Bxb1 23. Qxb1 Nd5 24. g3 Bf6 25. Qb3 Ra7 26. Bg2 Re7 27. Ng5 Qe5 28.
Ne4 Qe6 29. Re1 Nc7 30. Qxe6 Rxe6 31. Nxf6+ Rxf6 32. Bf4 Ne6 33. Be5 Rf5 34.
Bb7 Ng5 35. f4 Rd2 36. fxg5 Rff2 1-0

[Event "31st Bulgarian Open Chmpionshi"]
[Site "Plovdiv, Bulgaria"]
[Date "2009.02.02"]
[Round "2.21"]
[White "Tzouganakis, Panteleimon"]
[Black "Mrdja, Milan"]
[Result "0-1"]
[WhiteElo "2023"]
[BlackElo "2386"]
[PlyCount "104"]
[EventDate "2009.02.01"]

1. e4 e6 2. d4 d5 3. Nc3 Bb4 4. e5 Qd7 5. Nge2 b6 6. a3 Bf8 7. f4 c5 8. Be3 Nc6
9. Qd2 Nh6 10. Bf2 Ba6 11. h3 Nf5 12. g4 cxd4 13. gxf5 dxc3 14. Nxc3 Bxf1 15.
Rxf1 O-O-O 16. O-O-O g6 17. f6 Kb7 18. Bd4 Rc8 19. Ne2 Na5 20. Kb1 Nc4 21. Qd3
Qb5 22. Qb3 Nxa3+ 23. bxa3 Qxe2 24. Qd3 Qxd3 25. Rxd3 Bc5 26. Bb2 Rhd8 27. Rfd1
b5 28. h4 h5 29. R1d2 Bb6 30. Re2 Rc4 31. Bc1 Rdc8 32. Rb3 a6 33. Rd3 a5 34.
Rb3 Ka6 35. Rd3 a4 36. Rf3 R8c7 37. Bb2 Bd4 38. Bc1 Bc3 39. Be3 b4 40. Bc1 b3
41. cxb3 axb3 42. Bb2 d4 43. Re4 Kb5 44. Rd3 Kc5 45. Rf3 Kd5 46. Re2 Bxb2 47.
Kxb2 Rc2+ 48. Rxc2 bxc2 49. Kc1 Ke4 50. Rf2 d3 51. a4 Rb7 52. Kd2 Rb1 0-1

[Event "31st Bulgarian Open Chmpionshi"]
[Site "Plovdiv, Bulgaria"]
[Date "2009.02.02"]
[Round "2.22"]
[White "Pantev, Veselin"]
[Black "Atanasov, Anatoli"]
[Result "1-0"]
[WhiteElo "2381"]
[BlackElo "2007"]
[PlyCount "100"]
[EventDate "2009.02.01"]

1. d4 Nf6 2. Nf3 g6 3. c4 Bg7 4. Nc3 d5 5. Bg5 Ne4 6. Bf4 Nxc3 7. bxc3 dxc4 8.
Qa4+ Nd7 9. e4 O-O 10. Qxc4 c5 11. Be2 cxd4 12. cxd4 e5 13. Bg5 Qa5+ 14. Bd2
Qd8 15. d5 Nb6 16. Qb3 Bg4 17. h3 Bxf3 18. Bxf3 Rc8 19. O-O Nc4 20. Bb4 Re8 21.
Bg4 Rc7 22. Rac1 b5 23. Rfd1 Bf8 24. Bxf8 Rxf8 25. Qxb5 Nd6 26. Qa4 Qe7 27. Rc6
h5 28. Bf3 Rd7 29. Rdc1 Kg7 30. Qa5 Rfd8 31. Qc3 Qg5 32. Rb1 Qe7 33. Qe3 Qh4
34. Kh2 Kh7 35. g3 Qe7 36. h4 Rf8 37. Bg2 f5 38. exf5 Nxf5 39. Qe4 Nd6 40. Qe2
Rf6 41. Kg1 Nf5 42. Be4 Kg7 43. Bxf5 Rxf5 44. Re6 Qc5 45. Rxe5 Rf6 46. Qe3 Qd6
47. Re1 Rdf7 48. Qd4 Kh7 49. Re6 Rxe6 50. Rxe6 Qc7 1-0

[Event "31st Bulgarian Open Chmpionshi"]
[Site "Plovdiv, Bulgaria"]
[Date "2009.02.02"]
[Round "2.23"]
[White "Kolev, Vasil"]
[Black "Filev, Georgi"]
[Result "0-1"]
[WhiteElo "2008"]
[BlackElo "2378"]
[PlyCount "114"]
[EventDate "2009.02.01"]

1. Nf3 Nf6 2. d3 d5 3. g3 g6 4. Bg2 Bg7 5. Nbd2 O-O 6. O-O c5 7. c4 Nc6 8. Rb1
b6 9. a3 Bb7 10. b4 dxc4 11. dxc4 Nd7 12. Bb2 Bxb2 13. Rxb2 Qc7 14. Qb3 Rfd8
15. Rc1 Rac8 16. Qe3 Ba8 17. Bh3 e6 18. Bg2 a5 19. bxa5 Nxa5 20. Qh6 Nf8 21. h4
Rb8 22. h5 Qe7 23. hxg6 hxg6 24. Ne5 Qf6 25. f4 Bxg2 26. Kxg2 Qg7 27. Qxg7+
Kxg7 28. Kf2 f6 29. Nef3 Nc6 30. Rcb1 Nd7 31. e3 Ra8 32. Rb3 Ra4 33. Rc1 Rda8
34. Nb1 Kf7 35. Rh1 R8a7 36. Rd3 Nf8 37. Rd6 Na5 38. Rd8 Ke7 39. Rb8 Nxc4 40.
Rh8 Nd7 41. Rbe8+ Kd6 42. Nc3 Nxa3 43. Nxa4 Rxa4 44. Rh7 Nb5 45. Rd8 Ra7 46.
Nd2 Kc6 47. Ke2 Nc3+ 48. Kd3 Nd5 49. e4 Nb4+ 50. Ke2 Nc2 51. Nc4 Nd4+ 52. Kd3
Rc7 53. e5 b5 54. Na5+ Kb6 55. Rdxd7 Rxd7 56. Rxd7 fxe5 57. Rxd4 exd4 0-1

[Event "31st Bulgarian Open Chmpionshi"]
[Site "Plovdiv, Bulgaria"]
[Date "2009.02.02"]
[Round "2.24"]
[White "Milchev, Nikolay"]
[Black "Voinas, Marios"]
[Result "1-0"]
[WhiteElo "2377"]
[BlackElo "1998"]
[PlyCount "79"]
[EventDate "2009.02.01"]

1. d4 Nf6 2. Nf3 g6 3. c4 c5 4. d5 b5 5. cxb5 a6 6. bxa6 Bxa6 7. Nc3 d6 8. g3
Bg7 9. Bg2 Nbd7 10. O-O O-O 11. Re1 Nb6 12. e4 Nfd7 13. Qc2 c4 14. Be3 Qc7 15.
Re2 Nc5 16. Nd4 Nd3 17. Rb1 Nb4 18. Qd2 Nd3 19. Nc6 Rfe8 20. Bd4 Bxd4 21. Nxd4
Nd7 22. h4 N7c5 23. h5 e5 24. dxe6 fxe6 25. hxg6 hxg6 26. Qg5 Qg7 27. Nc6 Rac8
28. e5 Bb7 29. Na7 Bxg2 30. Nxc8 Rxc8 31. Kxg2 Nxe5 32. f3 Rf8 33. Rf1 Nf7 34.
Qe7 Rb8 35. Ne4 Nxe4 36. fxe4 Rxb2 37. Qe8+ Kh7 38. Rxb2 Qxb2+ 39. Rf2 Qe5 40.
Qxf7+ 1-0

[Event "31st Bulgarian Open Chmpionshi"]
[Site "Plovdiv, Bulgaria"]
[Date "2009.02.02"]
[Round "2.25"]
[White "Tsakov, Petar"]
[Black "Dimitrov, Radoslav"]
[Result "0-1"]
[WhiteElo "1998"]
[BlackElo "2376"]
[PlyCount "140"]
[EventDate "2009.02.01"]

1. d4 Nf6 2. Bg5 Ne4 3. Bh4 d5 4. Nd2 Nd6 5. e3 Nf5 6. Bg3 e6 7. Bd3 Nxg3 8.
hxg3 g6 9. Ngf3 Bg7 10. Ne5 c5 11. c3 c4 12. Bc2 Nd7 13. Ndf3 O-O 14. Ng4 f5
15. Nge5 Nf6 16. b4 Ne4 17. Bxe4 fxe4 18. Ng1 Bxe5 19. dxe5 a5 20. b5 a4 21.
Qd4 Ra5 22. Rb1 Bd7 23. b6 Qe7 24. Nh3 Qa3 25. Qd2 Rf5 26. g4 Rxe5 27. O-O Qd6
28. Qd4 Ra8 29. f4 exf3 30. gxf3 Rf8 31. Kg2 h5 32. Nf2 hxg4 33. f4 Rh5 34.
Nxg4 Qe7 35. Rh1 e5 36. Nxe5 Qxe5 37. Qxe5 Rxe5 38. fxe5 Bf5 39. Rb5 Be4+ 40.
Kg1 Bxh1 41. Kxh1 Rd8 42. Ra5 Kf7 43. Rxa4 Ke6 44. Ra7 Rd7 45. Ra8 Kxe5 46.
Re8+ Kd6 47. Kg2 Kc6 48. Kg3 Kxb6 49. Re6+ Kc5 50. Rxg6 Re7 51. Kf3 Rf7+ 52.
Ke2 b6 53. Rg2 Ra7 54. Kf3 Ra3 55. Rc2 Kd6 56. Kf4 Ra8 57. Kf3 Ke5 58. Rb2 Rf8+
59. Ke2 Rf6 60. Rd2 Rh6 61. Rd4 Rh2+ 62. Kf3 Rc2 63. Rh4 Rxc3 64. Rh6 d4 65.
Rh5+ Kd6 66. Ke4 d3 67. Rd5+ Kc6 68. Rd4 Rc2 69. a3 d2 70. a4 c3 0-1

[Event "31st Bulgarian Open Chmpionshi"]
[Site "Plovdiv, Bulgaria"]
[Date "2009.02.02"]
[Round "2.26"]
[White "Kukov, Velislav"]
[Black "Bogdanovic, Vesna"]
[Result "1-0"]
[WhiteElo "2373"]
[BlackElo "1975"]
[PlyCount "47"]
[EventDate "2009.02.01"]

1. d4 d6 2. Nf3 Nf6 3. h3 c6 4. c4 Nbd7 5. Nc3 e5 6. e4 Be7 7. Be3 Qc7 8. Be2
O-O 9. O-O Rd8 10. Rc1 b6 11. b4 Bb7 12. Qb3 a6 13. b5 axb5 14. cxb5 exd4 15.
Bxd4 c5 16. Ng5 Rf8 17. Bc4 cxd4 18. Bxf7+ Kh8 19. Nd5 Bxd5 20. Bxd5 Nc5 21.
Bxa8 Rxa8 22. Nf7+ Kg8 23. Nh6+ Kh8 24. Qg8+ 1-0

[Event "31st Bulgarian Open Chmpionshi"]
[Site "Plovdiv, Bulgaria"]
[Date "2009.02.02"]
[Round "2.27"]
[White "Angelov, Bojan"]
[Black "Mladenov, Plamen"]
[Result "1-0"]
[WhiteElo "1990"]
[BlackElo "2373"]
[PlyCount "83"]
[EventDate "2009.02.01"]

1. e4 c5 2. Nf3 d6 3. c3 Nf6 4. Bc4 e6 5. Qe2 a6 6. d4 b5 7. Bd3 Nbd7 8. e5
dxe5 9. dxe5 Nd5 10. O-O c4 11. Bc2 Bb7 12. Nbd2 Qc7 13. Re1 Be7 14. Nf1 h5 15.
h4 Nc5 16. Ng5 Rd8 17. Ng3 Nd3 18. Bxd3 cxd3 19. Qf3 Bf8 20. Qxd3 Nf4 21. Qxd8+
Qxd8 22. Bxf4 Bc5 23. Rad1 Qb6 24. Be3 Qc6 25. N5e4 Be7 26. f3 f6 27. Nd6+ Bxd6
28. Rxd6 Qc4 29. exf6 gxf6 30. Bd4 O-O 31. Rexe6 f5 32. Rg6+ Kf7 33. Rg7+ Ke8
34. Rxb7 Qe2 35. Bf2 Rf7 36. Rb8+ Ke7 37. Rxa6 f4 38. Ra7+ Kd6 39. Rb6+ Kd5 40.
Rxf7 Qe8 41. Rf5+ Kc4 42. Rd6 1-0

[Event "31st Bulgarian Open Chmpionshi"]
[Site "Plovdiv, Bulgaria"]
[Date "2009.02.02"]
[Round "2.28"]
[White "Simeonov, Stefan"]
[Black "Ivanov, Ljubomir"]
[Result "1-0"]
[WhiteElo "2350"]
[BlackElo "1963"]
[PlyCount "53"]
[EventDate "2009.02.01"]

1. e4 c5 2. Nf3 d6 3. d4 cxd4 4. Nxd4 Nf6 5. Nc3 g6 6. Be3 Bg7 7. Bc4 O-O 8. f3
Nc6 9. Bb3 Bd7 10. Qd2 Rc8 11. h4 h5 12. O-O-O Na5 13. g4 Nxb3+ 14. axb3 Qa5
15. Kb1 Rfe8 16. gxh5 Nxh5 17. Rhg1 Kh7 18. Rg5 e5 19. Nf5 Bxf5 20. exf5 Bf6
21. Ne4 Qxd2 22. Rxh5+ Kg7 23. Rxd2 Be7 24. Rg2 d5 25. f6+ Bxf6 26. Bh6+ Kh8
27. Nxf6 1-0

[Event "31st Bulgarian Open Chmpionshi"]
[Site "Plovdiv, Bulgaria"]
[Date "2009.02.02"]
[Round "2.30"]
[White "Arnaudov, G  Petar"]
[Black "Kolev, Velio"]
[Result "1-0"]
[WhiteElo "2347"]
[BlackElo "1956"]
[PlyCount "75"]
[EventDate "2009.02.01"]

1. d4 Nf6 2. Nf3 g6 3. c4 c5 4. Nc3 cxd4 5. Nxd4 Bg7 6. e4 d6 7. Be2 O-O 8. Be3
h6 9. Qd2 Kh7 10. f3 Nc6 11. O-O a6 12. Rfd1 Nxd4 13. Bxd4 Be6 14. Rac1 Rc8 15.
b3 h5 16. h3 Qa5 17. Be3 Ng8 18. a4 Qb4 19. Qc2 Qxc3 20. Qxc3 Bxc3 21. Rxc3 b5
22. Rdc1 bxa4 23. bxa4 Rc6 24. a5 Rfc8 25. Bb6 Ra8 26. c5 d5 27. Bd1 dxe4 28.
fxe4 Nf6 29. Bf3 Rac8 30. e5 Nd5 31. Rd3 Nb4 32. Rd4 Na2 33. Rc2 Bb3 34. Rb2
Be6 35. Bxc6 Rxc6 36. Rd3 Nc1 37. Rc3 Na2 38. Rcc2 1-0

[Event "31st Bulgarian Open Chmpionshi"]
[Site "Plovdiv, Bulgaria"]
[Date "2009.02.02"]
[Round "2.31"]
[White "Iliev, Atanas"]
[Black "Voiska, Margarita"]
[Result "0-1"]
[WhiteElo "1957"]
[BlackElo "2339"]
[PlyCount "58"]
[EventDate "2009.02.01"]

1. d4 e6 2. Nf3 c5 3. e3 Nf6 4. Be2 Nc6 5. O-O d5 6. b3 Bd6 7. Bb2 Qc7 8. h3
O-O 9. c4 Rd8 10. Nc3 a6 11. cxd5 cxd4 12. Nxd4 Nxd4 13. Qxd4 Be5 14. Qc4 Qe7
15. e4 b5 16. Qd3 exd5 17. exd5 b4 18. Na4 Bxb2 19. Nxb2 Rxd5 20. Qc2 Bf5 21.
Bd3 Rc8 22. Qe2 Qxe2 23. Bxe2 Rc2 24. Bf3 Rxb2 25. Bxd5 Nxd5 26. Rfd1 Be6 27.
f4 g6 28. Rd4 Ne3 29. g4 Bd5 0-1

[Event "31st Bulgarian Open Chmpionshi"]
[Site "Plovdiv, Bulgaria"]
[Date "2009.02.02"]
[Round "2.32"]
[White "Stamenkov, Vanco"]
[Black "Sirkova, Darena"]
[Result "1-0"]
[WhiteElo "2333"]
[BlackElo "1942"]
[PlyCount "106"]
[EventDate "2009.02.01"]

1. Nf3 c5 2. c4 Nc6 3. Nc3 g6 4. e3 Bg7 5. d4 cxd4 6. exd4 d6 7. d5 Ne5 8. Nxe5
Bxe5 9. Be3 Bg7 10. Bd4 Nf6 11. Be2 e5 12. dxe6 Bxe6 13. O-O O-O 14. Qd2 Qa5
15. Qf4 Ne8 16. Bxg7 Kxg7 17. Qd4+ Qe5 18. Rad1 a6 19. f4 Qxd4+ 20. Rxd4 Kf6
21. Bf3 Rb8 22. Ne4+ Ke7 23. Rfd1 Rd8 24. Nc5 b5 25. Nb7 Rc8 26. cxb5 axb5 27.
a3 Rc2 28. Rb4 Bd7 29. Re1+ Kf6 30. Re2 Rc1+ 31. Kf2 Be6 32. Rd2 Nc7 33. Nxd6
Bd7 34. Ne4+ Ke7 35. Nc3 Na6 36. Nd5+ Kd8 37. Nf6 Nxb4 38. Nxd7 Rh8 39. Ne5+
Ke7 40. Rd7+ Ke8 41. axb4 Rc2+ 42. Kg3 h5 43. h4 Rxb2 44. Rb7 Rh7 45. Rxb5 Ke7
46. Nxg6+ Kd6 47. Ne5 Rb3 48. Rb6+ Ke7 49. f5 Rg7+ 50. Kf4 f6 51. Rb7+ Kf8 52.
Ng6+ Kg8 53. Rb8+ Kf7 1-0

[Event "31st Bulgarian Open Chmpionshi"]
[Site "Plovdiv, Bulgaria"]
[Date "2009.02.02"]
[Round "2.33"]
[White "Dilkov, Valentin"]
[Black "Vasovski, Nikola"]
[Result "0-1"]
[WhiteElo "1953"]
[BlackElo "2328"]
[PlyCount "54"]
[EventDate "2009.02.01"]

1. e4 c5 2. Nf3 Nc6 3. d4 cxd4 4. Nxd4 Nf6 5. Nc3 e6 6. Be3 Bb4 7. f3 d5 8.
Nxc6 bxc6 9. e5 Nd7 10. f4 O-O 11. Bd3 Qh4+ 12. g3 Qe7 13. a3 Ba5 14. Qe2 c5
15. Qf3 Rb8 16. O-O d4 17. Ne4 dxe3 18. Qh5 f5 19. exf6 gxf6 20. Nd6 f5 21. Nc4
Bd2 22. h3 Nf6 23. Qe2 Bb7 24. Kh2 Be4 25. g4 Nxg4+ 26. Kg3 Nf6 27. Rab1 Kh8
0-1

[Event "31st Bulgarian Open Chmpionshi"]
[Site "Plovdiv, Bulgaria"]
[Date "2009.02.02"]
[Round "2.34"]
[White "Stoinev, Metodi"]
[Black "Papathanasiou, Ageliki"]
[Result "1-0"]
[WhiteElo "2324"]
[BlackElo "1923"]
[PlyCount "129"]
[EventDate "2009.02.01"]

1. e4 c5 2. Nf3 e6 3. Nc3 d6 4. d4 cxd4 5. Nxd4 Nf6 6. g3 a6 7. Bg2 Be7 8. O-O
O-O 9. Be3 Qc7 10. f4 Nc6 11. Nxc6 bxc6 12. Na4 Bb7 13. c4 c5 14. Nc3 Rad8 15.
g4 d5 16. exd5 exd5 17. cxd5 Qd6 18. Rc1 Nxd5 19. Nxd5 Bxd5 20. Qxd5 Qxd5 21.
Bxd5 Rxd5 22. Rc2 Rc8 23. Rfc1 a5 24. b3 f6 25. Rc4 Kf7 26. Kf2 Rb8 27. Bxc5
Bxc5+ 28. Rxc5 Rd2+ 29. Kg3 Rxa2 30. Rc7+ Kg6 31. R1c3 Rb2 32. h4 R2xb3 33. h5+
Kh6 34. Kh4 g5+ 35. hxg6 Rxc3 36. Rxc3 Kxg6 37. f5+ Kg7 38. Rc7+ Kg8 39. Ra7
Rb5 40. Kg3 Re5 41. Kf4 Rb5 42. Kf3 Re5 43. Kg3 Rb5 44. Kh4 Re5 45. Kh5 Re1 46.
Kh4 Re5 47. Rb7 a4 48. Ra7 Re4 49. Kh5 Re3 50. g5 fxg5 51. Kxg5 a3 52. Kf6 Re8
53. Rxa3 Rf8+ 54. Kg5 Kg7 55. Ra7+ Rf7 56. f6+ Kg8 57. Ra6 Rf8 58. Kf5 Kf7 59.
Ra7+ Kg8 60. Rg7+ Kh8 61. Ke6 Ra8 62. Rd7 Rf8 63. Rd2 h6 64. Ke7 Ra8 65. f7 1-0

[Event "31st Bulgarian Open Chmpionshi"]
[Site "Plovdiv, Bulgaria"]
[Date "2009.02.02"]
[Round "2.35"]
[White "Krastev, Vasil"]
[Black "Dinic, Dragan"]
[Result "1/2-1/2"]
[WhiteElo "1938"]
[BlackElo "2315"]
[PlyCount "67"]
[EventDate "2009.02.01"]

1. d4 Nf6 2. Nf3 g6 3. c4 Bg7 4. Nc3 d5 5. cxd5 Nxd5 6. e4 Nxc3 7. bxc3 O-O 8.
Be3 c5 9. Qd2 Qa5 10. Rc1 Bg4 11. d5 Nd7 12. c4 Qc7 13. Be2 Bxf3 14. Bxf3 Rad8
15. O-O e5 16. Rb1 b6 17. Be2 Qd6 18. a4 f5 19. f3 f4 20. Bf2 a5 21. g4 g5 22.
Kg2 h5 23. h3 Rf6 24. Rh1 Rh6 25. Qb2 Kf7 26. Qb5 Rdh8 27. Qa6 Bf6 28. Qb5 Bd8
29. Rbd1 R8h7 30. Qc6 Ke7 31. Qxd6+ Kxd6 32. Rdf1 Nf6 33. Be1 Nd7 34. Bd2
1/2-1/2

[Event "31st Bulgarian Open Chmpionshi"]
[Site "Plovdiv, Bulgaria"]
[Date "2009.02.02"]
[Round "2.36"]
[White "Vasilev, Vasil Aleksandrov"]
[Black "Borisov, Lubomir"]
[Result "1-0"]
[WhiteElo "2306"]
[BlackElo "1914"]
[PlyCount "95"]
[EventDate "2009.02.01"]

1. Nf3 e6 2. c4 d5 3. d4 c6 4. e3 f5 5. Bd3 Nf6 6. O-O Bd6 7. b3 Qe7 8. Ne5 O-O
9. Bb2 Nbd7 10. f3 a5 11. Qc2 g6 12. Nd2 Qg7 13. Rae1 Be7 14. e4 f4 15. Re2
Nxe5 16. dxe5 Bc5+ 17. Kh1 Nh5 18. g4 fxg3 19. cxd5 Ba7 20. d6 Nf4 21. hxg3
Nxe2 22. Bxe2 Bd7 23. Kg2 g5 24. Rh1 b5 25. Nf1 Rac8 26. g4 Be8 27. Bxb5 Rxf3
28. Kxf3 Qf7+ 29. Ke2 cxb5 30. Qd2 Qf4 31. Qxf4 gxf4 32. Kf3 Rc2 33. Rh2 Rc8
34. Rd2 Bd7 35. Bd4 Bxd4 36. Rxd4 Kg7 37. Nd2 h5 38. gxh5 Kh6 39. Kxf4 Kxh5 40.
a4 bxa4 41. bxa4 Rc3 42. Nc4 Bxa4 43. Nxa5 Bb5 44. Rd2 Bd7 45. Rg2 Kh6 46. Rg8
Ba4 47. Nb7 Bd1 48. Rg3 1-0

[Event "31st Bulgarian Open Chmpionshi"]
[Site "Plovdiv, Bulgaria"]
[Date "2009.02.02"]
[Round "2.37"]
[White "Kartalov, Kiril"]
[Black "Todorov, Ognjan"]
[Result "0-1"]
[WhiteElo "1919"]
[BlackElo "2303"]
[PlyCount "34"]
[EventDate "2009.02.01"]

1. e4 c5 2. Nf3 e6 3. c4 Nc6 4. Nc3 Nd4 5. d3 Ne7 6. Be3 Nec6 7. Nb5 Nxb5 8.
cxb5 Qa5+ 9. Qd2 Qxb5 10. d4 c4 11. O-O-O d5 12. b3 a5 13. exd5 exd5 14. Bxc4
dxc4 15. Qe2 Ba3+ 16. Kb1 Bf5+ 17. Ka1 c3 0-1

[Event "31st Bulgarian Open Chmpionshi"]
[Site "Plovdiv, Bulgaria"]
[Date "2009.02.02"]
[Round "2.38"]
[White "Dinev, Dejan"]
[Black "Tsekova, Viktoria"]
[Result "1-0"]
[WhiteElo "2303"]
[BlackElo "1895"]
[PlyCount "45"]
[EventDate "2009.02.01"]

1. d4 Nf6 2. c4 g6 3. Nc3 d5 4. Nf3 Bg7 5. e3 O-O 6. Be2 c5 7. O-O Nc6 8. a3
dxc4 9. Bxc4 cxd4 10. exd4 Bg4 11. Be3 Rc8 12. Be2 Nd5 13. Nxd5 Qxd5 14. h3 Bf5
15. Rc1 Na5 16. Qa4 b6 17. Ba6 Rc6 18. b4 Bd7 19. Rxc6 Bxc6 20. Qc2 Nb7 21. Rc1
Rc8 22. Bxb7 Bxb7 23. Qxc8+ 1-0

[Event "31st Bulgarian Open Chmpionshi"]
[Site "Plovdiv, Bulgaria"]
[Date "2009.02.02"]
[Round "2.39"]
[White "Brankov, Kristina"]
[Black "Janev, Tihomir"]
[Result "0-1"]
[WhiteElo "1904"]
[BlackElo "2297"]
[PlyCount "88"]
[EventDate "2009.02.01"]

1. e4 Nf6 2. d3 e5 3. Nf3 Nc6 4. g3 Bc5 5. Bg2 O-O 6. O-O d5 7. Nbd2 Re8 8.
exd5 Nxd5 9. Ne4 Bf8 10. Bd2 Bg4 11. Nc3 Nxc3 12. Bxc3 Nd4 13. Bxd4 exd4 14.
Qd2 Qf6 15. Qg5 Qxg5 16. Nxg5 c6 17. f4 Re2 18. Rf2 Rae8 19. Bf3 Rxf2 20. Kxf2
Bd7 21. Bg2 Bc5 22. Re1 Rxe1 23. Kxe1 f6 24. Ne4 Be7 25. Ke2 Kf7 26. Nd2 f5 27.
Nf3 Bf6 28. h4 h6 29. h5 Ke7 30. Nd2 Kd6 31. Nc4+ Kc7 32. Kf3 Be6 33. b3 b5 34.
Nd2 Kb6 35. Bh3 Ka5 36. g4 Bf7 37. Kg3 Kb4 38. Nb1 a5 39. a3+ Kc5 40. Bg2 a4
41. Nd2 Kb6 42. Bf3 b4 43. bxa4 bxa3 44. Nb3 Bxb3 0-1

[Event "31st Bulgarian Open Chmpionshi"]
[Site "Plovdiv, Bulgaria"]
[Date "2009.02.02"]
[Round "2.40"]
[White "Galunov, Todor"]
[Black "Galunov, Georgi"]
[Result "1-0"]
[WhiteElo "2297"]
[BlackElo "1888"]
[PlyCount "44"]
[EventDate "2009.02.01"]

1. e4 e5 2. Nc3 Nf6 3. g3 Bc5 4. Bg2 O-O 5. Nge2 c6 6. O-O d5 7. d3 dxe4 8.
dxe4 Be6 9. h3 Qxd1 10. Rxd1 Nbd7 11. b3 Bb6 12. Bb2 Rad8 13. Kf1 Nc5 14. f4
Bc7 15. f5 Bc8 16. g4 Rxd1+ 17. Rxd1 Rd8 18. Rxd8+ Bxd8 19. a4 Ncd7 20. Ba3 Bc7
21. Ke1 h5 22. g5 Ne8 1-0

[Event "31st Bulgarian Open Chmpionshi"]
[Site "Plovdiv, Bulgaria"]
[Date "2009.02.02"]
[Round "3.1"]
[White "Badev, Kiril"]
[Black "Spasov, Vasil"]
[Result "0-1"]
[WhiteElo "2297"]
[BlackElo "2595"]
[PlyCount "82"]
[EventDate "2009.02.01"]

1. e4 c6 2. d4 d5 3. e5 Bf5 4. h4 h5 5. c4 e6 6. Nc3 Nd7 7. cxd5 cxd5 8. Nge2
Ne7 9. Ng3 Bg6 10. Be2 Nc6 11. Be3 Ndxe5 12. dxe5 d4 13. Qb3 dxe3 14. Qxb7
exf2+ 15. Kf1 Qc8 16. Qb3 Rb8 17. Nb5 Be7 18. Rc1 O-O 19. Qf3 Nxe5 20. Rxc8
Nxf3 21. Rxf8+ Kxf8 22. gxf3 a6 23. Nc3 Rxb2 24. Kxf2 Bc5+ 25. Kg2 Rc2 26. Nce4
Bxe4 27. fxe4 Rxa2 28. Rd1 g6 29. Rd7 Ke8 30. Rd3 Ke7 31. Kh3 Bd6 32. Bf3 a5
33. Rb3 a4 34. Rb7+ Kf6 35. e5+ Bxe5 36. Nxh5+ gxh5 37. Bxh5 Ra3+ 38. Kg2 Rg3+
39. Kf2 Rg7 40. Kf3 Rh7 41. Kg4 a3 0-1

[Event "31st Bulgarian Open Chmpionshi"]
[Site "Plovdiv, Bulgaria"]
[Date "2009.02.02"]
[Round "3.2"]
[White "Radulski, Julian"]
[Black "Klasan, Vladimir"]
[Result "1-0"]
[WhiteElo "2579"]
[BlackElo "2290"]
[PlyCount "103"]
[EventDate "2009.02.01"]

1. e4 c5 2. Nf3 d6 3. d4 cxd4 4. Nxd4 Nf6 5. Nc3 Nc6 6. Nb3 e6 7. Bd3 Be7 8.
O-O O-O 9. f4 a6 10. Be3 Qc7 11. a3 b5 12. Qf3 Rb8 13. Qh3 b4 14. Ne2 bxa3 15.
bxa3 e5 16. f5 d5 17. Ng3 Na5 18. Nxa5 Bc5 19. Bxc5 Qxc5+ 20. Kh1 Qxa5 21. Nh5
Rb6 22. exd5 Qxd5 23. Rae1 Re8 24. Nxf6+ Rxf6 25. Be4 Qc5 26. Rf3 Bd7 27. Qh4
Kh8 28. Qg3 h6 29. h3 Qc8 30. Rc3 Qb8 31. Qd3 Rd6 32. Qe3 Qd8 33. Kh2 Qf6 34.
Rb1 Rd4 35. g4 Qd6 36. Kg3 Bb5 37. h4 Rd1 38. Rxd1 Qxd1 39. Rc5 Be2 40. Rd5
Qe1+ 41. Qf2 Qxf2+ 42. Kxf2 Bxg4 43. c4 g6 44. fxg6 f5 45. Bf3 Bxf3 46. Kxf3
Kg7 47. h5 Kf6 48. c5 Kg5 49. c6 e4+ 50. Ke3 Kxh5 51. c7 Kxg6 52. Rd8 1-0